000 00874nam a22002177a 4500
003 OSt
005 20201030145610.0
008 201014b 2018 dr a c 00| 0 eng d
020 _a9789945090765
040 _aDO-SdBNP
_bspa
_cBNPHU
100 1 _aBautista, Félix
_943925
245 1 0 _aEducación de calidad :
_b el imperativo del desarrollo y la equidad social /
_cFélix Bautista ; prólogo Rubén Zabala Moreta.
260 _aSanto Domingo :
_b Fundación Nacional De Desarrollo Integral, (FUNDI),
_c2018
300 _a252 p. :
_bil., retrs.
_c23 cm.
500 _aIncluye referencias bibliográficas y notas al pie de las páginas
500 _aIncluye datos biográficos del autor en las solapas
700 1 _aZabala Moreta, Rubén,
_epról.
_976883
710 2 _a Fundación Nacional De Desarrollo Integral, (FUNDI)
_976884
942 _2ddc
_cLBS1
956 _aLOPEREZ
999 _c48879
_d48879